| 000 | 01116nam a22003134a 4500 | ||
|---|---|---|---|
| 999 |
_c200429480 _d47404 |
||
| 001 | 39830666 | ||
| 003 | TR-AnTOB | ||
| 005 | 20240611094915.0 | ||
| 007 | ta | ||
| 008 | 980518s1994 tu h b 000 0 tur d | ||
| 040 |
_aPUL _cTR-AnTOB _dTVG _dBGZ _beng _erda |
||
| 041 | 0 | _atur | |
| 049 | _aBGZA | ||
| 050 | 0 |
_aDR589 _b.O95 1994 |
|
| 090 | 0 |
_aDR589 _b.O95 1994 |
|
| 100 | 1 |
_aÖzkaya, Yücel, _d1937- _4author _963610 |
|
| 245 | 1 | 0 |
_aMilli Mücadele'de Ege çevresi / _cYücel Özkaya. |
| 264 |
_aAnkara : _bT.C. Kültür Bakanlığı Milli Kütüphane Basımevi, _c1994. |
||
| 300 |
_aviii, 151 p. : _bfacsims. ; _c20 cm. |
||
| 336 |
_2rdacontent _atext _btxt |
||
| 337 |
_2 rdamedia _aunmediated _bn |
||
| 338 |
_2 rdacarrier _avolume _bnc |
||
| 490 | 0 |
_aT.C. Kültür Bakanlığı Yayınları ; _v1619 _aBaşvuru kitapları dizisi / Yayımlar Dairesi Başkanlığı ; _v19 |
|
| 504 | _aIncludes bibliographical references. | ||
| 651 | 0 |
_aTürkiye _xTarih _yKurtuluş Savaşı, 1918-1923 _910811 |
|
| 651 | 0 |
_aTurkey _xHistory _yRevolution, 1918-1923 _941590 |
|
| 942 |
_2lcc _cBK |
||